[Event "Rennes op 3th"]
[Site "Rennes"]
[Date "2010.07.20"]
[Round "5"]
[White "Milchev, Nikolay"]
[Black "Le Marec, Simon"]
[Result "1-0"]
[WhiteElo "2360"]
[BlackElo "2095"]
[PlyCount "93"]
[EventDate "2010.07.17"]
[EventType "swiss"]
[EventRounds "9"]
[EventCountry "FRA"]
[SourceTitle "EXT 2011"]
[Source "ChessBase"]
[SourceDate "2010.11.26"]
[SourceVersion "1"]
[SourceVersionDate "2010.11.26"]
[SourceQuality "1"]

1. c4 e5 2. g3 Nf6 3. Bg2 d5 4. cxd5 Nxd5 5. d3 Be7 6. Nf3 Nc6 7. 0-0 Be6 8. Nbd2 0-0 9. Nc4 f6 10. a3 Nb6 11. Nxb6 axb6 12. Bd2 Na5 13. Rc1 Nb3 14. Rc3 Nxd2 15. Nxd2 c6 16. b4 b5 17. e3 Qd7 18. f4 exf4 19. gxf4 Bd8 20. d4 Re8 21. Kh1 Bb6 22. Ne4 Bd5 23. Ng3 Rad8 24. Rf2 Bxg2+ 25. Kxg2 f5 26. Qf3 Qd5 27. Qxd5+ Rxd5 28. Kf3 g6 29. Ne2 Kf7 30. Nc1 Rd7 31. Ra2 Rde7 32. Nb3 Rd7 33. a4 Ra8 34. a5 Ra6 35. h4 Rd6 36. h5 Bd8 37. hxg6+ hxg6 38. Nc5 Ra7 39. a6 bxa6 40. Rxa6 Rc7 41. Rc1 Be7 42. Nd3 Bf6 43. Ne5+ Bxe5 44. fxe5 Re6 45. Kf4 Kg7 46. d5 g5+ 47. Kxf5 1-0

[Event "Agneaux St Lo op"]
[Site "Agneaux"]
[Date "2010.07.10"]
[Round "5"]
[White "Le Marec, Simon"]
[Black "Amoyal, Pierre"]
[Result "1-0"]
[WhiteElo "2095"]
[BlackElo "2175"]
[PlyCount "103"]
[EventDate "2010.07.07"]
[EventType "swiss"]
[EventRounds "9"]
[EventCountry "FRA"]
[SourceTitle "CBM 137 Extra"]
[Source "ChessBase"]
[SourceDate "2010.09.01"]
[SourceVersion "1"]
[SourceVersionDate "2010.09.01"]
[SourceQuality "1"]

1. d4 Nf6 2. Nf3 g6 3. c4 Bg7 4. Nc3 d5 5. cxd5 Nxd5 6. e4 Nxc3 7. bxc3 c5 8. Be3 Qa5 9. Qd2 0-0 10. Rb1 a6 11. Rc1 Bg4 12. Be2 Bxf3 13. gxf3 Rd8 14. d5 Nc6 15. 0-0 e6 16. Qb2 exd5 17. exd5 Ne5 18. f4 Nd7 19. Qc2 c4 20. Bxc4 Rac8 21. Bb3 Bxc3 22. Qd3 b5 23. Rcd1 b4 24. Kh1 Nc5 25. Bxc5 Qxc5 26. f5 Rd6 27. Qe3 Qxe3 28. fxe3 Re8 29. Rd3 Kg7 30. Rf4 g5 31. Rc4 Kf6 32. e4 h5 33. Bd1 h4 34. Kg2 Ke5 35. Bh5 Re7 36. Kf3 a5 37. Ke3 a4 38. Bd1 a3 39. h3 Rb7 40. Bb3 Be1 41. Rc8 Bg3 42. Rd1 Bf4+ 43. Kd3 Rdd7 44. Re8+ Kf6 45. Kd4 Bb8 46. e5+ Kxf5 47. Rf1+ Kg6 48. Rg8+ Kh7 49. Rxg5 Ba7+ 50. Ke4 Rb6 51. d6 Kh6 52. Rg4 1-0

[Event "Agneaux St Lo op"]
[Site "Agneaux"]
[Date "2010.07.09"]
[Round "4"]
[White "Nadasi, Balazs"]
[Black "Le Marec, Simon"]
[Result "0-1"]
[WhiteElo "2102"]
[BlackElo "2095"]
[PlyCount "96"]
[EventDate "2010.07.07"]
[EventType "swiss"]
[EventRounds "9"]
[EventCountry "FRA"]
[SourceTitle "CBM 137 Extra"]
[Source "ChessBase"]
[SourceDate "2010.09.01"]
[SourceVersion "1"]
[SourceVersionDate "2010.09.01"]
[SourceQuality "1"]

1. e4 e6 2. d4 d5 3. Nc3 Bb4 4. e5 c5 5. a3 Bxc3+ 6. bxc3 Ne7 7. Qg4 0-0 8. Bd3 f5 9. exf6 Rxf6 10. Bg5 Rf7 11. Qh4 g6 12. Bxe7 Qxe7 13. Qxe7 Rxe7 14. f4 g5 15. fxg5 e5 16. dxe5 Rxe5+ 17. Kf2 Rxg5 18. Nf3 Rg7 19. c4 d4 20. Rae1 Bd7 21. Re5 b6 22. Rhe1 Nc6 23. Rh5 Rf8 24. h3 Be8 25. Rh6 Bg6 26. Re6 Nd8 27. Re1 Nf7 28. Rh4 Nd6 29. Rg4 Nf5 30. Re5 Ne3 31. Rgg5 Rf6 32. Kg1 Bxd3 33. Rxg7+ Kxg7 34. cxd3 Nc2 35. a4 Nb4 36. Ne1 a5 37. Re7+ Kg6 38. Re2 Kf7 39. Rd2 Re6 40. Kf2 Re3 41. Kf1 Kf6 42. Rf2+ Kg6 43. Rd2 Kg5 44. Kf2 h5 45. g3 Kf5 46. Rb2 Rxd3 47. g4+ hxg4 48. hxg4+ Kxg4 0-1

[Event "Brest op"]
[Site "Brest"]
[Date "2010.04.04"]
[Round "4.2"]
[White "Aubry, Yannis"]
[Black "Le Marec, Simon"]
[Result "0-1"]
[WhiteElo "1965"]
[BlackElo "2079"]
[PlyCount "44"]
[EventDate "2010.04.03"]
[EventType "swiss"]
[EventRounds "7"]
[EventCountry "FRA"]
[SourceTitle "EXT 2014"]
[Source "ChessBase"]
[SourceDate "2013.11.20"]
[SourceVersion "1"]
[SourceVersionDate "2013.11.20"]
[SourceQuality "1"]

1. d4 e6 2. Nf3 c5 3. c3 Nf6 4. Nbd2 d5 5. e3 Nc6 6. Bd3 Bd6 7. 0-0 0-0 8. e4 cxd4 9. cxd4 dxe4 10. Nxe4 Nxe4 11. Bxe4 Bd7 12. Ng5 h6 13. Nh7 Re8 14. Bxh6 Qh4 15. f4 Qxh6 16. Rf3 f5 17. Rh3 Qg6 18. d5 fxe4 19. dxc6 Bc5+ 20. Kh1 Bxc6 21. Qc2 Bb6 22. Ng5 Rad8 0-1